1215 1985 1476 1563 1284 1692 1480 1679 1202 1171 1563 1670 1738 1687 1295 1427 1647 1794 1318 1955 1740 1928 1839 1329 1961 1322 1004 1061 1126 1355 1898 1932 1195 1666 1081 1115 1267 1041 1651 1146 1870 1134 1459 1616 1943 1006 1755 1384 1664 1463 1671 1566 1623 1044 1977 1885 1658 1722 1213 1703 1310 1997 1649 1014 1431 1056 1056 1041 1229 1953 1275 1053 1856 1051 1112 1225 1465 1487 1602 1425 1980 1135 1104 1716 1262 1540 1506 1472 1367 1431 1277 1903 1878 1856 1892 1513 1762 1908 1826 BCNSPRNW ULIB Ver.6.0+V

เปลี่ยนเป็นภาษาไทย

Change to English
 แสดงรายละเอียดบรรณานุกรม
  กลับหน้าหลัก

Brief Record : Get Marc (ISO 2709) : E-mail record : QR code < ปิดหน้าต่าง
LEADER : 00000nam 2200000uu 4500
001    13399126959
003     ULIB
008    190917s2562||||th 000 0 tha d
020    ^a9786165306881
060 0  ^aQU146.JT3^bอ677
245 0   ^aอาหารผู้สูงอายุ /^cบริษัท สำนักพิมพ์แม่บ้าน จำกัด
250    ^aพิมพ์ครั้งที่ 1
260    ^aกรุงเทพฯ :^bบริษัท สำนักพิมพ์แม่บ้าน จำกัด,^c2562
300    ^a120 หน้า :^bภาพประกอบสี ;^c26 ซม.
650    ^aผู้สูงอายุ^xการดูแลและสุขวิทยา
650    ^aโภชนาการ^xในวัยชรา
650    ^aอาหารเพื่อสุขภาพ
945    ^p179^l0^i005988
945    ^p179^l0^i005987
945    ^p179^l0^i005989
945    ^p179^l0^i005991
945    ^p179^l0^i005990
999    ^aประนอม เกษจรัล
รายการนี้ยังไม่มีแท็ก
คุณยังไม่ได้ล็อกอิน คุณสามารถมีกิจกรรมร่วมกับเว็บไซต์ได้ แต่ต้องล็อกอินก่อน ::
  ล็อกอิน

รายการสื่อสารสนเทศ

ลำดับที่ ประเภท เลขเรียก/บาร์โค้ด สถานที่ สถานะ
1. วิทยาศาสตร์การแพทย์ และสุขภาพ
หนังสือสำรอง
สถานะ=หนังสือสำรอง
QU146.JT3 อ677 ฉ.1 
  Barcode: 005987
ห้องสมุดวิทยาเขตสวรรค์ประชารักษ์
►หนังสือทั่วไป
บนชั้น
2. วิทยาศาสตร์การแพทย์ และสุขภาพ
วิทยาศาสตร์การแพทย์ และสุขภาพ
QU146.JT3 อ677 ฉ.2 
  Barcode: 005988
ห้องสมุดวิทยาเขตสวรรค์ประชารักษ์
►หนังสือทั่วไป
บนชั้น
3. วิทยาศาสตร์การแพทย์ และสุขภาพ
วิทยาศาสตร์การแพทย์ และสุขภาพ
QU146.JT3 อ677 ฉ.3 
  Barcode: 005989
ห้องสมุดวิทยาเขตสวรรค์ประชารักษ์
►หนังสือทั่วไป
บนชั้น
4. วิทยาศาสตร์การแพทย์ และสุขภาพ
วิทยาศาสตร์การแพทย์ และสุขภาพ
QU146.JT3 อ677 ฉ.4 
  Barcode: 005990
ห้องสมุดวิทยาเขตสวรรค์ประชารักษ์
►หนังสือทั่วไป
บนชั้น
5. วิทยาศาสตร์การแพทย์ และสุขภาพ
วิทยาศาสตร์การแพทย์ และสุขภาพ
QU146.JT3 อ677 ฉ.5 
  Barcode: 005991
ห้องสมุดวิทยาเขตสวรรค์ประชารักษ์
►หนังสือทั่วไป
บนชั้น

รายการใกล้เคียง
    หัวเรื่อง [อาหารเพื่อสุขภาพ]

BibComment


ยังไม่เคยถูกคอมเมนท์

คอมเมนท์ทรัพยากรรายการนี้
  คอมเมนท์: อาหารผู้สูงอายุ..


 Copyright 2026. Bcnsprnw @Library